Every Governor of Virginia - Statistics

General Stats
  • This quiz has been taken 71 times
    9 since last reset
  • The average score is 16 of 75
Answer Stats
Picture Hint Answer % Correct
NP(1779-1781) Thomas Jefferson
89%
D(2026-) Abigail Spanberger
78%
R(2022-2026) Glenn Youngkin
78%
DR(1811-1811) James Monroe
78%
DR(1799-1802) James Monroe
78%
D(2002-2006) Mark Warner
78%
D(2018-2022) Ralph Northam
78%
D(2006-2010) Tim Kaine
78%
D(1898-1902) James Hoge Tyler
67%
DR(1825-1827) John Tyler
67%
DR(1808-1811) John Tyler Sr.
67%
NP(1784-1786) Patrick Henry
56%
NP(1776-1779) Patrick Henry
56%
D(2014-2018) Terry McAuliffe
56%
R(1994-1998) George Allen
44%
D(1926-1930) Harry F. Byrd
44%
R(1998-2002) Jim Gilmore
44%
R(2010-2014) Bob McDonnell
33%
D(1982-1986) Chuck Robb
33%
DR(1811-1811) George William Smith
33%
D(1846-1849) William Smith
33%
NP(1788-1791) Beverley Randolph
22%
NP(1786-1788) Edmund Randolph
22%
D(1886-1890) Fitzhugh Lee
22%
F(1791-1794) Henry Lee III
22%
R(1974-1978) Mills Godwin
22%
D(1966-1974) Mills Godwin
22%
DR(1819-1822) Thomas Mann Randolph Jr.
22%
D(1918-1922) Westmoreland Davis
22%
D(1962-1966) Albertis Harrison
11%
NP(1781-1784) Benjamin Harrison V
11%
D(1942-1946) Colgate Darden
11%
D(1990-1994) Douglas Wilder
11%
D(1856-1860) Henry A. Wise
11%
D(1849-1852) John B. Floyd
11%
D(1830-1834) John Floyd
11%
D(1860-1861) John Letcher
11%
D(1852-1856) Joseph Johnson
11%
R(1970-1974) Linwood Holton
11%
D(1902-1906) Andrew Jackson Montague
0%
D(1894-1898) Charles Triplett O'Ferrall
0%
D(1906-1910) Claude A. Swanson
0%
D(1837-1840) David Campbell
0%
D(1922-1926) Elbert Lee Trinkle
0%
R(1861-1868) Francis Harrison Pierpont
0%
D(1878-1882) Frederick Holiday
0%
D(1934-1938) George C. Peery
0%
D(1986-1990) Gerald Baliles
0%
R(1869-1874) Gilbert Carlton Walker
0%
D(1914-1918) Henry Carter Stuart
0%
DR(1812-1814) James Barbour
0%
D(1938-1942) James Hubert Price
0%
D(1874-1878) James L. Kemper
0%
D(1843-1846) James McDowell
0%
DR(1816-1819) James Patton Preston
0%
DR(1822-1825) James Pleasants
0%
DR(1796-1799) James Wood
0%
D(1958-1962) J. Lindsay Almond
0%
D(1930-1934) John Garland Pollard
0%
R(1978-1982) John N. Dalton
0%
DR(1802-1805) John Page
0%
D(1950-1954) John S. Battle
0%
D(1834-1837) Littleton Waller Tazewell
0%
D(1890-1894) Philip W. McKinney
0%
DR(1794-1796) Robert Brooke
0%
D(1954-1958) Thomas B. Stanley
0%
NP(1781-1781) Thomas Nelson Jr.
0%
W(1840-1841) Thomas Walker Gilmer
0%
DR(1827-1830) William Branch Giles
0%
RJ(1882-1886) William E. Cameron
0%
NP(1781-1781) William Fleming
0%
DR(1805-1808) William H. Cabell
0%
D(1910-1914) William Hodges Mann
0%
D(1946-1950) William M. Tuck
0%
DR(1814-1816) Wilson Cary Nicholas
0%
No matching quizzes found
Score Distribution
Percent of People with Each Score
Percentile by Number Answered
Your Score History
You have not taken this quiz since the last reset